000 00475nam a22001937a 4500
003 OSt
005 20241029145356.0
008 241029b |||||||| |||| 00| 0 eng d
040 _cMRSPTU
041 _aENG
082 _a630.7
_bAR-F
100 _aArya, Renu
245 _aFundamentals of Agricultural Extension
260 _aJodhpur
_bScientific Pub.
_c2022
300 _a274
650 _aAgriculture
700 _aArya, Anupriya & Arya R.L.
942 _2ddc
_cBK
_n0
999 _c10408
_d10408